• 首页
  • 本馆介绍
  • 公告通知
  • 最新文献
  • 馆藏检索
  • 电子资源
  • 读者导购
  • 参考咨询
  • 我的图书馆
  • 登录
  • 详细信息显示
  • 放入我的书架
  • 预约/预借图书
  • 作者相关作品
  • 分类相关作品
  • 丛书相关作品
  • 出版社相关作品

书目信息

  • 表格格式
  • 工作单格式
  • 卡片格式
题名:
区域分析与规划
    
 
作者: 崔功豪 编著
分册:  
出版信息: 北京   高等教育出版社  1999.06
页数: 413页
开本: 24cm
丛书名: 面向21世纪课程教材
单 册:
中图分类: F207
科图分类:
主题词: 生产布局 , 地区经济--经济管理
电子资源:
ISBN: 7-04-007262-9
000 00625nam0 2200217 45
001 0009201676
005 20070622113239.17
010    @a7-04-007262-9@dCNY27.40
100    @a20000920d1999 km y0chiy0120 ea
101 0  @achi
200 1  @a区域分析与规划@AQu Yu Fen Xi Yu Gui Hua@f崔功豪等编著@FCui Gong Hao Deng Bian Zhu
210    @a北京@c高等教育出版社@d1999.06
215    @a413页@d24cm
225    @a面向21世纪课程教材
410    @12001 @a面向21世纪课程教材
606 0  @a生产布局
606 0  @a地区经济@x经济管理
690    @aF207@v1
701  0 @a崔功豪@4编著
801    @aCN@bTSTC@c20070622
905    @dF207@e40@f1@b299070
    
    区域分析与规划/崔功豪等编著.-北京:高等教育出版社,1999.06
    413页;24cm.-(面向21世纪课程教材)
    
    
    ISBN 7-04-007262-9:CNY27.40
    
●
相关链接 在E读中查询图书 在五车中查询图书 在当当中查询图书 在豆瓣中查询图书


正题名:区域分析与规划     索取号:F207/40         预约/预借

序号 登录号 条形码 馆藏地/架位号 状态 备注
1 0290575   002905752   第一借阅区/ [索取号:F207/40] 在馆    
2 0290576   002905761   第一借阅区/ [索取号:F207/40] 在馆    
3 0290577   002905770   第一样本阅览室/ [索取号:F207/40] 在馆    
4 0299070   202990709   第一借阅区/ [索取号:F207/40] 在馆    
5 0668889   206688896   库房3/ [索取号:F207/40] 在馆    
6 0668890   206688903   库房3/ [索取号:F207/40] 在馆    
7 0668891   206688912   库房3/ [索取号:F207/40] 在馆    
8 0668892   206688921   库房3/ [索取号:F207/40] 在馆    
欢迎您!
大连网信软件有限公司© 版权所有